000 01027nam a2200217Ii 4500
003 JO-AjNU
008 230605s9999||||xx |||||||||||||| ||und||
020 _a9953-33-436-6
040 _aJO-AjNU
_bara
_erda
_cJO-AjNU
041 _aara
050 1 4 _aHG151.F37.2004
100 3 _aأعداد تحسين التاجي الفاروقي ؛ تيسير عبد الجابر، مراجع,
_eauthor
_927523
245 0 0 _aLexicon of stock market terms English-Arabic = قاموس الأسواق و الأوراق المالية : إنجليزي عربي
250 _aط1
264 3 1 _aبيروت: مكتبة لبنان، 2004
300 _a371ص
_bيشتمل على مراجع ببلوغرافية باللغة العربية واللغة الانجليزية ص(367-371)
336 _atext
_btxt
_2rdacontent
337 _aunmediated
_bn
_2rdamedia
338 _avolume
_bnc
_2rdacarrier
650 4 _aالبورصات - القواميس - العربية -- اللغة الإنجليزية - القواميس - العربية
_927524
999 _aA10566
_c14134
_d14134